000 00552nam a22002057a 4500
003 UA-OsUOA
001 39381
007 ta
008 20060616b un ||||| |||| 00| 0 ukr d
090 _a616.98:578.828(477)
_bЛ93
942 _cBK
040 _aUA-OsUOA
_bukr
_cUA-OsUOA
_dUA-OsUOA
245 _aЛюди и ВИЧ
_bКнига для неравнодушных
955 _a2
041 _aukr
080 _a616.98:578.828(477)
260 _aК.
_c2004
650 7 _a616.9 Інфекційні захворювання
_2UDC
999 _c314413
_d314413